Načítá se...

Current Status of the Coir Industry in Kerala: A Critique (2015) Final Report

Podrobná bibliografie
Médium: Printed Book
Vydáno: Thiruvananthapuram Kerala Institute of Labour and Employment (KILE) March, 2016
Témata:
On-line přístup:http://10.26.1.76/ks/008161.pdf
LEADER 00532nam a2200109 4500
999 |c 184037  |d 184033 
245 |a Current Status of the Coir Industry in Kerala: A Critique (2015) Final Report 
260 |a Thiruvananthapuram  |b Kerala Institute of Labour and Employment (KILE)  |c March, 2016 
650 |a COIR CO-OPERATIVE SOCIETIES;  |a SMALL SCALE AND HOUSEHOLD UNITS;  |a COIR PRODUCTS MANUFACTURING COMPANIES  |9 158529 
856 |u http://10.26.1.76/ks/008161.pdf 
942 |c KS 
952 |0 0  |1 0  |4 0  |7 0  |9 182744  |a MGUL  |b MGUL  |d 2019-06-18  |l 0  |r 2019-06-18  |w 2019-06-18  |y KS